Indy 500 Winners - Statistics

General Stats
  • This quiz has been taken 42 times
  • The average score is 34 of 109
Answer Stats
Hint Answer % Correct
2025 Alex Palou
100%
2024 Josef Newgarden
100%
2023 Josef Newgarden
100%
2021 Hélio Castroneves
81%
2022 Marcus Ericsson
75%
2020 Takuma Sato
75%
2016 Alexander Rossi
69%
2019 Simon Pagenaud
69%
2017 Takuma Sato
69%
2018 Will Power
69%
2011 Dan Wheldon
63%
2005 Dan Wheldon
63%
2012 Dario Franchitti
63%
2010 Dario Franchitti
63%
2007 Dario Franchitti
63%
2015 Juan Pablo Montoya
63%
2014 Ryan Hunter-Reay
63%
2013 Tony Kanaan
63%
2004 Buddy Rice
56%
2009 Hélio Castroneves
56%
2002 Hélio Castroneves
56%
2001 Hélio Castroneves
56%
2006 Sam Hornish Jr
56%
2008 Scott Dixon
56%
1977 AJ Foyt
50%
2003 Gil de Ferran
50%
1967 AJ Foyt
44%
1964 AJ Foyt
44%
1961 AJ Foyt
44%
2000 Juan Pablo Montoya
44%
1999 Kenny Bräck
44%
1991 Rick Mears
44%
1987 Al Unser
38%
1997 Arie Luyendyk
38%
1981 Bobby Unser
38%
1996 Buddy Lazier
38%
1998 Eddie Cheever
38%
1982 Gordon Johncock
38%
1988 Rick Mears
38%
1984 Rick Mears
38%
1978 Al Unser
31%
1971 Al Unser
31%
1970 Al Unser
31%
1994 Al Unser Jr
31%
1992 Al Unser Jr
31%
1986 Bobby Rahal
31%
1989 Emerson Fittipaldi
31%
1995 Jacques Villeneuve
31%
1969 Mario Andretti
31%
1911 Ray Harroun
31%
1979 Rick Mears
31%
1990 Arie Luyendyk
25%
1975 Bobby Unser
25%
1968 Bobby Unser
25%
1985 Danny Sullivan
25%
1993 Emerson Fittipaldi
25%
1963 Parnelli Jones
25%
1983 Tom Sneva
25%
1954 Bill Vukovich
19%
1953 Bill Vukovich
19%
1920 Gaston Chevrolet
19%
1973 Gordon Johncock
19%
1980 Johnny Rutherford
19%
1976 Johnny Rutherford
19%
1974 Johnny Rutherford
19%
1934 Bill Cummings
13%
1949 Bill Holland
13%
1930 Billy Arnold
13%
1955 Bob Sweikert
13%
1916 Dario Resta
13%
1938 Floyd Roberts
13%
1926 Frank Lockhart
13%
1966 Graham Hill
13%
1919 Howdy Wilcox
13%
1965 Jim Clark
13%
1958 Jimmy Bryan
13%
1922 Jimmy Murphy
13%
1960 Jim Rathmann
13%
1912 Joe Dawson
13%
1950 Johnnie Parsons
13%
1935 Kelly Petillo
13%
1951 Lee Wallard
13%
1933 Louis Meyer
13%
1928 Louis Meyer
13%
1931 Louis Schneider
13%
1972 Mark Donohue
13%
1948 Mauri Rose
13%
1947 Mauri Rose
13%
1956 Pat Flaherty
13%
1915 Ralph DePalma
13%
1962 Rodger Ward
13%
1959 Rodger Ward
13%
1957 Sam Hanks
13%
1923 Tommy Milton
13%
1921 Tommy Milton
13%
1952 Troy Ruttman
13%
1940 Wilbur Shaw
13%
1939 Wilbur Shaw
13%
1937 Wilbur Shaw
13%
1932 Fred Frame
6%
1946 George Robson
6%
1927 George Souders
6%
1913 Jules Goux
6%
1936 Louis Meyer
6%
1941 Mauri Rose & Floyd Davis
6%
1925 Pete DePaolo
6%
1929 Ray Keech
6%
1914 René Thomas
6%
1924 Lora L. Corum & Joe Boyer
0%
No matching quizzes found
Score Distribution
Percent of People with Each Score
Percentile by Number Answered
Your Score History
You have not taken this quiz